Promenade a Angkor / (Record no. 1521)
[ view plain ]
| 000 -LEADER | |
|---|---|
| fixed length control field | 01329nam a22002897a 4500 |
| 001 - CONTROL NUMBER | |
| control field | 1521 |
| 003 - CONTROL NUMBER IDENTIFIER | |
| control field | FISKH |
| 005 - DATE AND TIME OF LATEST TRANSACTION | |
| control field | 20231002085453.0 |
| 008 - FIXED-LENGTH DATA ELEMENTS--GENERAL INFORMATION | |
| fixed length control field | 230901b cb ||||| |||| 00| 0 fra d |
| 040 ## - CATALOGING SOURCE | |
| Original cataloging agency | FISKH |
| Language of cataloging | eng |
| Transcribing agency | FISKH |
| Modifying agency | FISKH |
| 082 ## - DEWEY DECIMAL CLASSIFICATION NUMBER | |
| Classification number | 959.6 |
| 100 ## - MAIN ENTRY--PERSONAL NAME | |
| Personal name | Sun Heng Meng Heang |
| 245 ## - TITLE STATEMENT | |
| Title | Promenade a Angkor / |
| Remainder of title | Angkor Vat & Bayon : |
| Statement of responsibility, etc. | Rédigé par Sun Heng Meng Chheang et Huot Sarith Sous la direction de Françoise Récamier |
| 260 ## - PUBLICATION, DISTRIBUTION, ETC. | |
| Place of publication, distribution, etc. | Phnom Penh : |
| Name of publisher, distributor, etc. | Sipar, |
| Date of publication, distribution, etc. | 2018. |
| 300 ## - PHYSICAL DESCRIPTION | |
| Extent | 51 pages : |
| Other physical details | color illustrations ; |
| Dimensions | 20 cm |
| 490 ## - SERIES STATEMENT | |
| Series statement | Je voudrais savoir |
| Volume/sequential designation | Tome I |
| 505 ## - FORMATTED CONTENTS NOTE | |
| Formatted contents note | Z' <br/> |
| 520 ## - SUMMARY, ETC. | |
| Summary, etc. | Written in English, Exploring Angkor Part 1 (Angkor Wat and Bayon) guides readers to know more about Angkor Wat and Bayon temple based on understanding the low reliefs of those temples. Each low relief provides different information and story: some are history, mythology, Indian Epics (Mahabarata and Ramayana) and daily life (Bayon). Moreover, it also demonstrates the belief of Hinduism based on the reliefs. |
| 521 8# - TARGET AUDIENCE NOTE | |
| Target audience note | 1000<br/><br/> |
| Source | Lexile estimate<br/> |
| 521 8# - TARGET AUDIENCE NOTE | |
| Target audience note | Z'<br/> |
| Source | Raz-Plus<br/> |
| 650 ## - SUBJECT ADDED ENTRY--TOPICAL TERM | |
| Topical term or geographic name entry element | Angkor Wat |
| Form subdivision | Buddhist temples |
| General subdivision | History |
| Chronological subdivision | Discovery |
| 700 ## - ADDED ENTRY--PERSONAL NAME | |
| Personal name | Huot Sarith |
| 700 ## - ADDED ENTRY--PERSONAL NAME | |
| Personal name | Cunin Olivier |
| Fuller form of name | |
| 700 ## - ADDED ENTRY--PERSONAL NAME | |
| Personal name | Porte Bertrand |
| 700 ## - ADDED ENTRY--PERSONAL NAME | |
| Personal name | Soutif Dominique |
| 942 ## - ADDED ENTRY ELEMENTS (KOHA) | |
| Source of classification or shelving scheme | Dewey Decimal Classification |
| Koha item type | Books |
| Suppress in OPAC | No |
| Withdrawn status | Lost status | Source of classification or shelving scheme | Damaged status | Not for loan | Collection | Home library | Current library | Shelving location | Date acquired | Total Checkouts | Full call number | Barcode | Date last seen | Copy number | Price effective from | Koha item type |
|---|---|---|---|---|---|---|---|---|---|---|---|---|---|---|---|---|
| Dewey Decimal Classification | Khmer-English Bilingual / ភាសាខ្មែរ-អង់គ្លេស | Footprints International School Library Network Toul Kork Campus | Footprints International School Library Network Toul Kork Campus | TK Floor 4 Rear Hallway Shelf 1 (Adult/Secondary Foriegn Language/Khmer) | 09/01/2023 | MEN 959.6 | 2023-0448 | 09/01/2023 | 1 | 09/01/2023 | Books | |||||
| Dewey Decimal Classification | Non-Fiction | Footprints International School Library Network Toul Kork Campus | Footprints International School Library Network Toul Kork Campus | TK Floor 4 Rear Hallway Shelf 1 (Adult/Secondary Foriegn Language/Khmer) | 09/01/2023 | MEN 959.6 | 2023-0449 | 09/01/2023 | 2 | 09/01/2023 | Books |
